000 00557nam a2200181Ia 4500
008 100917s9999 xx 000 0 und d
082 _b39189
100 _aकेणेकर मुक्ता
245 _aअंधाराची कावड
260 _bदि. वा. काळे प्रकाशन
_c1980
300 _a145
365 _b15
520 _aकादंबरी
630 _aअंधाराची कावड
650 _aकादंबरी
730 _aअंधाराची कावड
942 _cBOOK
999 _c644583
_d644580